Superación del atraso de los países en desarrollo /
Sparad:
| Huvudupphovsman: | |
|---|---|
| Materialtyp: | Text |
| Taggar: |
Lägg till en tagg
Inga taggar, Lägg till första taggen!
|
MARC
| LEADER | 00000 a a2200000 04500 | ||
|---|---|---|---|
| 001 | 3132 | ||
| 003 | |||
| 040 | |||
| 100 | |a Ulrij, Oxana | ||
| 245 | |a Superación del atraso de los países en desarrollo / |c Oxana Ulrij | ||
| 773 | |g número 1; páginas 176-190 | ||
| 999 | |c 37646 |d 37646 | ||
